LEADER 00941nam a2200241 i 4500 001 991003037109707536 005 20021022145018.0 008 960610s1909 it ||| | ita 035 $ab11745587-39ule_inst 035 $aLE021FD224941$9ExL 040 $aDip. SSSC$bita 100 1 $aTebaldini, G.$0530119 245 10$aTelepatia musicale? :$bsempre a proposito dell'Elettra di Richard Strauss /$cG. Tebaldini 260 $aMilano ; Torino ; Roma :$bFratelli Bocca,$c1909 300 $a30 p. ;$c24 cm. 500 $aEstratto dalla rivista musicale italiana, vol. XVI, fasc. 3?, 1909. 650 4$aStrauss, Richard 907 $a.b11745587$b02-04-14$c24-10-02 912 $a991003037109707536 945 $aLE021FD MUS16A3$g1$iLE021FD-4176$lle023$nFondo D'Amico$o-$pE0.00$q-$rn$so $t0$u0$v0$w0$x0$y.i11985446$z24-10-02 996 $aTelepatia musicale?$9905664 997 $aUNISALENTO 998 $ale021$b10-06-96$cm$da $e-$fita$git $h0$i1 LEADER 00853nam a2200253 i 4500 001 991002979119707536 005 20020509105935.0 008 010704s1985 it ||| | ita 035 $ab11089696-39ule_inst 035 $aPARLA172705$9ExL 040 $aDip.to Filosofia$bita 082 0 $a149.94 100 1 $aPonzio, Augusto$049113 245 10$aFilosofia del linguaggio /$cAugusto Ponzio 260 $aBari :$bAdriatica,$c1985 300 $a225 p. ;$c25 cm. 490 0 $aSegni di segni ;$v20 650 4$aFilosofia del linguaggio 907 $a.b11089696$b23-02-17$c28-06-02 912 $a991002979119707536 945 $aLE005IF XXI A 8$g1$iLE005IFA-17037$lle005$o-$pE0.00$q-$rl$s- $t0$u0$v0$w0$x0$y.i11221306$z28-06-02 996 $aFilosofia del linguaggio$9218173 997 $aUNISALENTO 998 $ale005$b01-01-01$cm$da $e-$fita$git $h0$i1